000 00827nam a2200253Ia 4500
001 18530
003 GE_BSU
008 181216s||||||||xx |||||||||||||| ||und||
020 _aISBN 978-9941-11-015-3
040 _cGE_BSU
080 _a821.111(73)-31
100 _aკიზი, კენ
245 _a...გუგულის ბუდეზე სხვა გადაფრინდა
245 _bრომანი
245 _cინგლ. თარგმნა ზაზა ჭილაძემ
260 _aთბილისი
260 _bდიოგენე,
260 _c2008
300 _a410გვ;21სმ.
541 _h12ლ.90თ.
653 _a....გუგულის ბუდეზე სხვა გადაფრინდა
653 _aრომანი
942 _cBK
999 _c51539
_d51539